Landen met de Meeste Inwoners - Statistieken

Algemene statistieken
  • Deze quiz is 7.222 keer genomen
  • De gemiddelde score is 17 van 24
Antwoordstatistieken
Bevolking Land % Correct
1,439 mil China
99%
331 mil Verenigde Staten
98%
1,380 mil India
97%
145 mil Rusland
97%
212 mil Brazilië
93%
60 mil Frankrijk
91%
83 mil Duitsland
90%
128 mil Mexico
86%
126 mil Japan
84%
273 mil Indonesië
81%
67 mil Verenigd Koninkrijk
77%
60 mil Italië
71%
220 mil Pakistan
67%
102 mil Egypte
65%
206 mil Nigeria
65%
89 mil Democratische Republiek Congo
64%
84 mil Turkije
64%
83 mil Iran
61%
69 mil Thailand
61%
164 mil Bangladesh
58%
97 mil Vietnam
53%
109 mil Filipijnen
45%
114 mil Ethiopië
39%
59 mil Tanzania
29%
Geen overeenkomende quizzen gevonden
Scoreverdeling
Procent van Mensen met Elke Score
Percentiel versus Aantal Correcte Antwoorden
Uw Scoregeschiedenis
U heeft deze quiz nog niet genomen